000 00419nam a2200193Ia 4500
005 20251020182544.0
008 200515s9999 xx 000 0 und d
082 _a747/A81p
100 _aPHILLIPS, Alan
245 0 _aDiseño interior de oficinas
260 _aBarcelona
260 _c1991
300 _a224
500 _a1 ejemplar
650 _aDISEÑO
650 _aLIB
650 _aOFICINAS
942 _cLIB
999 _c2487
_d2487